Sophocle
Uloženo v:
| Médium: | Kniha |
|---|---|
| Jazyk: | francouzština |
| Vydáno: |
París
Les Belles Lettres
1960
|
| Edice: | Collection des Universités de France
|
| Témata: | |
| Tagy: |
Přidat tag
Žádné tagy, Buďte první, kdo vytvoří štítek k tomuto záznamu!
|
MARC
| LEADER | 00000nam a2200000 a 4500 | ||
|---|---|---|---|
| 001 | UCM7091 | ||
| 003 | CL-VaPUC | ||
| 008 | 021129e19600000FR |||||||||||||||||fre|d | ||
| 082 | 0 | 4 | |a 882 |b SOP |2 21 |
| 245 | 1 | 0 | |a Sophocle |
| 300 | |a v | ||
| 942 | |c BK | ||
| 945 | |d 20021129 00:00:00 |a cmena | ||
| 260 | |a París |b Les Belles Lettres |c 1960 | ||
| 500 | |a v.3: Philoctete, Oedipe a Colone | ||
| 600 | 0 | |a Sófocles |e autor |9 269407 | |
| 650 | 7 | |a DRAMAS GRIEGOS |2 CL-VaPUC |9 472816 | |
| 583 | |a last modification |c 20021129 00:00:00 |k Rodrigo Vera | ||
| 490 | 0 | |a Collection des Universités de France | |
| 999 | |c 302126 |d 302124 | ||
| 952 | |0 0 |1 0 |4 0 |6 882_000000000000000_SOP_1960 |7 0 |8 DER_ROM |9 362171 |a BIBDER |b BIBDER |d 2019-11-21 |h v.3 |i 3865142 |o 882 SOP 1960 |p 3865142 |r 2023-01-25 |w 2019-11-21 |x Ubicación 4to piso |y BK |z Este recurso debe solicitarse con anticipación |k DER | ||